000 00244nam a22001097a 4500
008 160518b xxu||||| |||| 00| 0 eng d
020 _a0721622348
041 _aeng
080 _a618.2
245 _aThe breast:
_cKirby I. Bland;
942 _2udc
_cBK
999 _c2159
_d2159